000 01032nam a2200325 c 4500
999 _c31690
_d31690
003 BLK
005 20220224140946.0
008 180407b bul|||||r ||||||| ||bul||
010 _aKNG00034348000
020 _a954-8952-27-0
040 _aBLK
041 _aBUL
_cBUL
072 7 _2bullib
_aРА
_xРусенски автори
072 7 _2bullib
_aЯ
_xАвтографи
080 _aБългарска литература
_b821.163.2
_x-1
_z821.163.2-1
100 1 _aГеоргиев, Емил
_eпърви автор
_9271717
139 _aГеоргиев, Емил
_bГ 37
245 1 0 _aХристова възраст
_bЛирика
_cЕмил Георгиев.
257 _aBGR
260 _bСилоам прес
_c2000
300 _a32 с.
_c20 см
380 _aX
659 _aК
659 _aЯ
852 _aЦб 206744
852 _aК 821.163.2/Г 37 Е
856 4 _qpdf
856 4 _qpdf
942 _cKNG
_n0
_s1
944 _aCR
_c15.01.2003
_kРенета_Константинова
944 _aED
_c04.11.2014
999 _d31690